[Event "Berlin Lichtenberger op 17th"]
[Site "Berlin"]
[Date "2018.08.25"]
[Round "8"]
[White "Ziems, Michael"]
[Black "Engelhardt, Erhard"]
[Result "1-0"]
[WhiteElo "1813"]
[BlackElo "1769"]
[PlyCount "47"]
[EventDate "2018.08.18"]
[EventType "swiss"]
[EventRounds "9"]
[EventCountry "GER"]
[SourceTitle "CBM 186 Extra"]
[Source "ChessBase"]
[SourceDate "2018.08.24"]
[SourceVersion "1"]
[SourceVersionDate "2018.08.24"]
[SourceQuality "1"]

1. d4 e6 2. c4 d5 3. Nc3 f5 4. Nf3 c6 5. Bf4 Nf6 6. e3 Be7 7. h3 0-0 8. Qb3 Ne4 9. Be2 Kh8 10. Ne5 Nd7 11. Rc1 Bh4 12. Nxe4 fxe4 13. 0-0 Nxe5 14. Bxe5 Qd7 15. Rc2 b6 16. cxd5 exd5 17. Qc3 Bb7 18. b4 a6 19. a4 b5 20. axb5 axb5 21. Qb3 Ra4 22. Bxb5 cxb5 23. Rc7 Qe6 24. Bxg7+ 1-0

[Event "Berlin Lichtenberger op 17th"]
[Site "Berlin"]
[Date "2018.08.20"]
[Round "3"]
[White "Engelhardt, Erhard"]
[Black "Hoffmann, Rainer1111"]
[Result "0-1"]
[WhiteElo "1769"]
[BlackElo "1950"]
[PlyCount "114"]
[EventDate "2018.08.18"]
[EventType "swiss"]
[EventRounds "9"]
[EventCountry "GER"]
[SourceTitle "CBM 186 Extra"]
[Source "ChessBase"]
[SourceDate "2018.08.24"]
[SourceVersion "1"]
[SourceVersionDate "2018.08.24"]
[SourceQuality "1"]

1. f4 Nf6 2. Nf3 b6 3. e3 Bb7 4. b3 g6 5. Bb2 Bg7 6. Be2 0-0 7. 0-0 d5 8. Na3 c5 9. Qc1 a6 10. c4 e6 11. Rd1 Nbd7 12. Ne5 Rc8 13. Nxd7 Qxd7 14. Be5 Rfd8 15. Nc2 Qe7 16. Qb2 Ne8 17. Bxg7 Nxg7 18. Rab1 Nf5 19. d3 h5 20. Bf3 Nh4 21. Ne1 Rd7 22. Qe2 e5 23. fxe5 Qxe5 24. Bxd5 Bxd5 25. cxd5 Rxd5 26. g3 Nf5 27. Ng2 Re8 28. e4 Rd6 29. Qf2 Nd4 30. Rf1 Re7 31. Rbc1 f5 32. exf5 Nxf5 33. Rfe1 Qg7 34. Rxe7 Qxe7 35. Qe1 Re6 36. Qf1 Qd6 37. Qf4 Qe7 38. Qf2 Kh7 39. Re1 Rxe1+ 40. Nxe1 Qe5 41. Kf1 Kg8 42. Qe2 Ne3+ 43. Kg1 Kh7 44. Nc2 Ng4 45. Qxe5 Nxe5 46. Ne1 Nc6 47. Nc2 Kg7 48. Kf2 Kf6 49. Ke3 Ke5 50. h3 b5 51. g4 h4 52. Kf3 a5 53. a3 Nd4+ 54. Nxd4 Kxd4 55. Ke2 Kc3 56. b4 cxb4 57. axb4 a4 0-1

[Event "Berlin-ch Seniors op 34th"]
[Site "Berlin"]
[Date "2018.02.05"]
[Round "6"]
[White "Engelhardt, Erhard"]
[Black "Krause, Werner1111"]
[Result "1-0"]
[WhiteElo "1758"]
[BlackElo "1625"]
[PlyCount "81"]
[EventDate "2018.01.30"]
[EventType "swiss"]
[EventRounds "9"]
[EventCountry "GER"]
[SourceTitle "EXT 2020"]
[Source "ChessBase"]
[SourceDate "2019.10.17"]
[SourceVersion "1"]
[SourceVersionDate "2019.10.17"]
[SourceQuality "1"]

1. b4 d5 2. Bb2 d4 3. Nf3 e5 4. Nxe5 Bxb4 5. Nf3 Nc6 6. c3 Bc5 7. cxd4 Bf8 8. e3 Nf6 9. Be2 Bg4 10. 0-0 h5 11. g3 h4 12. Ne5 Nxe5 13. dxe5 Bxe2 14. Qxe2 Nd7 15. h3 Qg5 16. d4 0-0-0 17. Nd2 g6 18. Rac1 f5 19. Nf3 Qe7 20. Rc2 Nb6 21. Qb5 Nd5 22. Nd2 g5 23. e4 fxe4 24. Nxe4 g4 25. hxg4 Qg7 26. g5 Qg6 27. Re1 Be7 28. Bc1 Qf7 29. f3 h3 30. Qf1 Rdg8 31. g4 Qh7 32. Kh2 Bxg5 33. Nd6+ Kd8 34. Nf5 Bf4+ 35. Bxf4 Nxf4 36. Rec1 Nd5 37. Qb5 Qd7 38. Qxb7 Ke8 39. Qxa7 Qb5 40. Qa8+ Kf7 41. Qc6 1-0

[Event "Berlin-ch Seniors op 34th"]
[Site "Berlin"]
[Date "2018.01.31"]
[Round "2"]
[White "Engelhardt, Erhard"]
[Black "Bremer, Helmut"]
[Result "1-0"]
[WhiteElo "1758"]
[BlackElo "1589"]
[PlyCount "83"]
[EventDate "2018.01.30"]
[EventType "swiss"]
[EventRounds "9"]
[EventCountry "GER"]
[SourceTitle "EXT 2020"]
[Source "ChessBase"]
[SourceDate "2019.10.17"]
[SourceVersion "1"]
[SourceVersionDate "2019.10.17"]
[SourceQuality "1"]

1. b4 e5 2. Bb2 d6 3. c4 f6 4. e3 Nh6 5. Nf3 Bg4 6. Be2 Qd7 7. Nc3 c6 8. 0-0 Be7 9. a3 0-0 10. d4 Kh8 11. Re1 Nf7 12. Qc2 f5 13. dxe5 Bxf3 14. Bxf3 Nxe5 15. Be2 Qe6 16. Nd1 Nbd7 17. f3 f4 18. Bd3 Qh6 19. exf4 Rxf4 20. Bc1 Nxf3+ 21. gxf3 Bg5 22. Bxf4 Bxf4 23. Nb2 Be3+ 24. Kh1 Ne5 25. Qe2 Bf4 26. Be4 Rd8 27. Rad1 g5 28. Nd3 Nxc4 29. Nxf4 Ne5 30. Ng2 Rg8 31. Ne3 d5 32. Bc2 Qd6 33. Ng4 Nd7 34. Qe6 Qc7 35. Nf6 Rd8 36. Nxd7 Qxd7 37. Qxd7 Rxd7 38. Re8+ Kg7 39. Rde1 Kh6 40. R1e6+ Kh5 41. R8e7 Rxe7 42. Rxe7 1-0

[Event "Berlin-ch Seniors op 32nd"]
[Site "Berlin"]
[Date "2016.01.30"]
[Round "5"]
[White "Oppermann, Peter"]
[Black "Engelhardt, Erhard"]
[Result "1-0"]
[WhiteElo "1933"]
[BlackElo "1788"]
[PlyCount "91"]
[EventDate "2016.01.26"]
[EventType "swiss"]
[EventRounds "9"]
[EventCountry "GER"]
[SourceTitle "EXT 2019"]
[Source "ChessBase"]
[SourceDate "2018.10.10"]
[SourceVersion "1"]
[SourceVersionDate "2018.10.10"]
[SourceQuality "1"]

1. d4 e6 2. Nf3 d5 3. c4 c6 4. Nc3 f5 5. g3 Bd6 6. Bg2 Nf6 7. 0-0 0-0 8. Qc2 Qe8 9. Ne5 Ne4 10. Nxe4 Bxe5 11. dxe5 fxe4 12. Be3 b6 13. f3 exf3 14. exf3 Ba6 15. b3 Nd7 16. f4 Rc8 17. Rfd1 Rf7 18. Rac1 Nf8 19. Qb2 Rcc7 20. Qa3 Bc8 21. Rd2 g6 22. Rdc2 Qd8 23. Qb2 Rfd7 24. cxd5 cxd5 25. Qd4 Bb7 26. h3 Qc8 27. Rxc7 Rxc7 28. Rxc7 Qxc7 29. Qd3 Nd7 30. b4 Qc8 31. Bd4 Ba6 32. Qc3 Qxc3 33. Bxc3 Bb7 34. g4 Kf7 35. Kf2 b5 36. Bd4 a6 37. Bf1 Bc6 38. Ba7 h6 39. Bd3 Nf8 40. Ke3 Nd7 41. Kd4 Kg7 42. f5 gxf5 43. gxf5 Kf7 44. h4 Bb7 45. h5 Bc6 46. f6 1-0

[Event "Berlin Lichtenberger op 14th"]
[Site "Berlin"]
[Date "2015.08.16"]
[Round "2"]
[White "Engelhardt, Erhard"]
[Black "Hamm, Oliver"]
[Result "1-0"]
[WhiteElo "1805"]
[BlackElo "1413"]
[PlyCount "77"]
[EventDate "2015.08.15"]
[EventType "swiss"]
[EventRounds "9"]
[EventCountry "GER"]
[SourceTitle "EXT 2016"]
[Source "ChessBase"]
[SourceDate "2015.10.08"]
[SourceVersion "1"]
[SourceVersionDate "2015.10.08"]
[SourceQuality "1"]

1. b4 d5 2. Bb2 e6 3. e3 Bxb4 4. Bxg7 f6 5. Qh5+ Ke7 6. Bxh8 Qf8 7. Qxh7+ Ke8 8. Be2 Kd8 9. Nf3 Be7 10. Nh4 Qe8 11. Bh5 Qf8 12. Ng6 Qe8 13. Nxe7 Qxe7 14. Qxg8+ Kd7 15. Qg6 c6 16. Bxf6 Qf8 17. 0-0 Kc7 18. Be5+ Kb6 19. Nc3 a6 20. Bd4+ Kc7 21. Qh7+ Nd7 22. f4 Qf5 23. Qxf5 exf5 24. Rab1 Nf8 25. Be5+ Kd7 26. d3 Ke7 27. e4 b5 28. exd5 cxd5 29. Nxd5+ Kd8 30. c4 Be6 31. Bf3 bxc4 32. dxc4 Ke8 33. Nc7+ Kd7 34. Rfd1+ Ke7 35. Nxa8 Bxc4 36. Rb7+ Ke8 37. Bc6+ Nd7 38. Rdxd7 Be6 39. Rb8# 1-0

[Event "Sachsen-Anhalt-ch Seniors 23rd"]
[Site "Halberstadt"]
[Date "2015.06.05"]
[Round "6"]
[White "Engelhardt, Erhard"]
[Black "Gehrmann, Dorit"]
[Result "0-1"]
[WhiteElo "1630"]
[BlackElo "1755"]
[PlyCount "30"]
[EventDate "2015.05.31"]
[EventType "swiss"]
[EventRounds "7"]
[EventCountry "GER"]
[SourceTitle "EXT 2018"]
[Source "ChessBase"]
[SourceDate "2017.10.13"]
[SourceVersion "1"]
[SourceVersionDate "2017.10.13"]
[SourceQuality "1"]

1. f4 b6 2. b3 Nf6 3. Nf3 Bb7 4. e3 e6 5. Bb2 Bc5 6. Be2 0-0 7. 0-0 Nc6 8. Kh1 a5 9. a4 Nb4 10. Ba3 Be4 11. Ne1 Be7 12. Bf3 d5 13. d3 Bxf3 14. Nxf3 Ng4 15. Re1 Nf2+ 0-1

[Event "Sachsen-Anhalt-ch Seniors 23rd"]
[Site "Halberstadt"]
[Date "2015.06.04"]
[Round "5"]
[White "Graubaum, Hans Joachim"]
[Black "Engelhardt, Erhard"]
[Result "1-0"]
[WhiteElo "2004"]
[BlackElo "1630"]
[PlyCount "75"]
[EventDate "2015.05.31"]
[EventType "swiss"]
[EventRounds "7"]
[EventCountry "GER"]
[SourceTitle "EXT 2018"]
[Source "ChessBase"]
[SourceDate "2017.10.13"]
[SourceVersion "1"]
[SourceVersionDate "2017.10.13"]
[SourceQuality "1"]

1. e4 d5 2. exd5 Qxd5 3. Nc3 Qd6 4. d4 Nf6 5. Nf3 c6 6. Bc4 Bg4 7. Be3 e6 8. h3 Bh5 9. g4 Bg6 10. Ne5 Qc7 11. Nxg6 hxg6 12. g5 Nd5 13. Nxd5 exd5 14. Bd3 Nd7 15. Qf3 Bb4+ 16. c3 Bd6 17. 0-0-0 Rf8 18. h4 0-0-0 19. h5 gxh5 20. Rxh5 f5 21. Rh7 g6 22. Rdh1 Rde8 23. Rg7 Rg8 24. Rhh7 Rxg7 25. Rxg7 Re6 26. Qh3 Qd8 27. Qh7 Nf8 28. Qh6 Qe8 29. Rg8 Kb8 30. Kc2 Qf7 31. Rg7 Qe8 32. Qh8 Ka8 33. Rg8 a6 34. Bf4 Be7 35. Be5 Qf7 36. Bg7 Ka7 37. Bxf8 Bxg5 38. Bc5+ 1-0

[Event "Berlin-ch Seniors op 31st"]
[Site "Berlin"]
[Date "2015.02.04"]
[Round "6"]
[White "Albinus, Guenter"]
[Black "Engelhardt, Erhard"]
[Result "1-0"]
[WhiteElo "1818"]
[BlackElo "1650"]
[PlyCount "146"]
[EventDate "2015.01.29"]
[EventType "swiss"]
[EventRounds "9"]
[EventCountry "GER"]
[SourceTitle "EXT 2018"]
[Source "ChessBase"]
[SourceDate "2017.10.13"]
[SourceVersion "1"]
[SourceVersionDate "2017.10.13"]
[SourceQuality "1"]

1. Nf3 e6 2. b3 d5 3. Bb2 c6 4. e3 f5 5. Be2 Nf6 6. 0-0 Bd6 7. Ne5 0-0 8. f4 Nbd7 9. d3 Qc7 10. d4 Ne4 11. Nd2 Ndf6 12. Ndf3 Qe7 13. c4 Bd7 14. c5 Bc7 15. b4 a6 16. a4 b5 17. cxb6 Bxb6 18. Qb3 Rfc8 19. Rfc1 Be8 20. Rc2 h6 21. Rac1 Qb7 22. Ba3 Bd8 23. Nd3 Be7 24. a5 Rab8 25. Rb1 Bd8 26. Nc5 Nxc5 27. Rxc5 Ne4 28. Rcc1 Bxa5 29. Qd3 Bd8 30. Qxa6 Bh5 31. Qxb7 Rxb7 32. Ba6 Rbc7 33. Bxc8 Rxc8 34. Ne5 Be8 35. Rc2 Nd6 36. Rbc1 Nb5 37. Bb2 Na7 38. Ra1 Bb6 39. Bc1 Kf8 40. Bd2 Ke7 41. Ra6 Rb8 42. Rca2 Nc8 43. Ra8 Rxa8 44. Rxa8 Kd8 45. Ra1 Kc7 46. g4 Nd6 47. Kg2 Kb7 48. h3 Bd8 49. Kf3 Ne4 50. Be1 Be7 51. Ra2 g5 52. Rh2 Nf6 53. fxg5 hxg5 54. h4 fxg4+ 55. Kg2 Ne4 56. h5 Nf6 57. h6 Nh7 58. Nxg4 Bg6 59. Ne5 Be4+ 60. Kg3 Bf5 61. Kf3 Bd6 62. Bg3 Be7 63. Rb2 Nf6 64. Nf7 Nh5 65. Bd6 g4+ 66. Kg2 Be4+ 67. Kg1 Bf6 68. Ne5 g3 69. Ng4 Bg5 70. Bf8 Nf6 71. Nxf6 Bxe3+ 72. Kf1 Bd3+ 73. Kg2 Bf4 1-0

[Event "Berlin Lichtenberger op 13th"]
[Site "Berlin"]
[Date "2014.08.24"]
[Round "9"]
[White "Mueller, Johannes1111"]
[Black "Engelhardt, Erhard"]
[Result "1-0"]
[WhiteElo "1845"]
[BlackElo "1799"]
[PlyCount "59"]
[EventDate "2014.08.16"]
[EventType "swiss"]
[EventRounds "9"]
[EventCountry "GER"]
[SourceTitle "CBM 161 Extra"]
[Source "ChessBase"]
[SourceDate "2014.08.29"]
[SourceVersion "1"]
[SourceVersionDate "2014.08.29"]
[SourceQuality "1"]

1. e4 d5 2. e5 e6 3. d4 c5 4. c3 Nc6 5. Nf3 Bd7 6. Be2 f6 7. exf6 Nxf6 8. 0-0 Qb6 9. a4 Rc8 10. Ne5 g6 11. Kh1 cxd4 12. Nxc6 bxc6 13. a5 Qc7 14. cxd4 Bg7 15. Nc3 0-0 16. g3 c5 17. Bf4 Qb7 18. Rb1 cxd4 19. a6 Qb4 20. Na2 Qe7 21. Qxd4 Ne4 22. Qxa7 e5 23. f3 exf4 24. fxe4 dxe4 25. Bb5 Rcd8 26. Rfd1 Rfe8 27. Rxd7 Qxd7 28. Qxd7 Rxd7 29. Bxd7 Rd8 30. Bc6 1-0